Fundamentals of aviation law

Foundations of Aviation Law is an easy-reading general primer into the often complex world of aviation law, written for aviation students as well as legal professionals who are looking for broad-based, introductory coverage of the subject. The book is divided into six general categories, with fiftee...

Description complète

Enregistré dans:
Détails bibliographiques
Auteur principal: Speciale, Raymond
Format: Livre
Publié: New York : McGraw-Hill. ; c 2006.
Édition:4th ed.
Sujets:
Tags: Ajouter un tag
Pas de tags, Soyez le premier à ajouter un tag!

MARC

LEADER 00000cam a22000004a 4500
005 20251007081044.0
020 |a 0071458670  |c TZS 10,000 /= 
040 |a MCCL  |b eng.  |e AACR 2nd rev.ed. 
082 |a 343.730978 SPE 
100 |a Speciale, Raymond 
245 1 0 |a Fundamentals of aviation law  |c / Raymond C. Speciale 
250 |a 4th ed. 
260 |a New York :  |b McGraw-Hill. ;  |c c 2006. 
300 |a xxi, 336 p. :  |c 23 cm. 
504 |a Includes bibliographic reference and index. 
520 |a Foundations of Aviation Law is an easy-reading general primer into the often complex world of aviation law, written for aviation students as well as legal professionals who are looking for broad-based, introductory coverage of the subject. The book is divided into six general categories, with fifteen relevant sub-chapters, allowing focused learning into particular areas of law. Throughout it features chapter summaries, key word indices and review questions. The design easily allows instructors to develop syllabi that spotlight the specific area of law that they are interested in exploring, pro 
546 |a eng. 
650 0 |a Property law 
650 0 |a Aviation law 
650 0 |a Criminal law 
700 |a Speciale, Raymond 
942 |c BK 
999 |c 12168  |d 12168